000 00784nas a2200277 4500
001 BR0704137
003 BR-BrBNA
005 20231205111102.0
007 ta
008 230509b bl.|||p| |||| 00| 00por d
040 _aBR-BrBNA
_bpor
_cBiblioteca Nacional de Agricultura
041 _a(Pt)
072 _aS01
100 1 _aKinouchi, F.L.
100 1 _aCardello, H.M.A.B.
100 1 _aRossi, E.A.
100 1 _aTelarolli Júnior, R.
245 1 _aAceitação do "iourgute" de soja entre adolescentes
650 _aNUTRIÇÃO HUMANA
650 _aIOGURTE
650 _aSOJA
650 _aANÁLISE
773 0 _tAlimentos e Nutrição (Brazil)
_xISSN 0103-4235
_g(2002), v. 13 p. 131-142
_wBR0704137
909 _a202311
_bLúcia
_c55
_dLúcia Elande
942 _2AGRIS
_n0
_cANA
999 _c190558
_d190558